Statystyki dla morza i oceany

Kliknij tutaj aby rozwiązać quiz!

Ogólne statystyki

  • Ten quiz został rozwiązany 285 razy
  • Średni wynik to 7 z 13

Statystyki odpowiedzi

HintOdpowiedź% Poprawnych
1północny ocean atlantycki
85%
2południowy ocean atlantycki
85%
7morze bałtyckie
84%
3ocean spokojny
84%
8morze czarne
77%
5ocean indyjski
76%
4ocean arktyczny
60%
6morze śródziemne
50%
13morze arabskie
19%
10morze norweskie
14%
9morze adriatyckie
13%
12morze filipińskie
4%
11morze karskie
1%

Rozkład punktacji

Percentyl według liczby udzielonych odpowiedzi

Procent ludzi z każdym wynikiem

Twoja historia wyników

Nie rozwiązałeś tego quizu